| 000 | 00547nam a22001817a 4500 | ||
|---|---|---|---|
| 003 | AM-YeHGA | ||
| 005 | 20250617154504.0 | ||
| 008 | 181004s ||||| |||| 00| 0 rus d | ||
| 040 | _aAM-YeHGA | ||
| 041 | 0 | _arus | |
| 100 | 1 | _aБелостоцкий, Юрий Вячеславович. | |
| 245 | 1 | 0 |
_aРассказы о летчиках / _cЮ. Белостоцкий. |
| 260 |
_aКострома : _bКн. изд-во, _c1955. |
||
| 300 | _a94 c. | ||
| 653 | 0 | _aРусская литература | |
| 942 |
_2udc _cBK |
||
| 090 | _c415344 | ||
| 999 |
_c413042 _d413042 |
||